Esto no es una fotografía : 20 septiembre - 3 noviembre 2002 /

El presente es el cátálogo de la exposición fotográfica Esto no es una fotografía, realizada en Gran Canaria, España. El objetivo de dicha muestra fue la búsqueda de reflexión plástica sobre la situación hoy día de la fotografía polaroid y más allá, sobre los problemas conceptuales de la representac...

תיאור מלא

שמור ב:
מידע ביבליוגרפי
מחברים אחרים: Mollá, Angel (texto) (texto)
פורמט: ספר
שפה:ספרדית
יצא לאור: España : Centro Atlántico de Arte Moderno, 2002, c2002
נושאים:
תגים: הוספת תג
אין תגיות, היה/י הראשונ/ה לתייג את הרשומה!

MARC

LEADER 00000nam^a2200000^a^4500
001 000153417
005 20250521000000.0
009 20260310100319.272
020 |a 84-89152-63-2 
037 |a Acervo ITESO - Biblioteca 
041 |a ESP 
082 |a 778. 3  |b EST 2002 
245 1 0 |a Esto no es una fotografía :  |b 20 septiembre - 3 noviembre 2002 /  |c Texto de A. Mollá ; presen de Gonzalo Angulo González, Franck González ; diseño de Luis Sosa ; tr. de Delories Dunn. 
264 4 |a España :  |b Centro Atlántico de Arte Moderno,  |c 2002, c2002 
300 |a 197 p. 
336 |a texto  |b txt  |2 rdacontenido 
337 |a sin mediación  |b n  |2 rdamedio 
338 |a volumen  |b nc  |2 rdasoporte 
520 |a El presente es el cátálogo de la exposición fotográfica Esto no es una fotografía, realizada en Gran Canaria, España. El objetivo de dicha muestra fue la búsqueda de reflexión plástica sobre la situación hoy día de la fotografía polaroid y más allá, sobre los problemas conceptuales de la representación, desafío al que se enfrentan hoy por hoy, el arte y la cultura de la posmodernidad. Aquí se congregan filósofos, críticos, historiadosres y artistas en torno a la fotografía como arte mediante textos y obras realizadas con una polaroid. 
649 |a XX 
650 |a Fotografía Instantánea -  |x Exposiciones 
650 |a Fotografía Instantánea -  |x Catálogos 
650 |a Fotografía Instantánea -  |x Filosofía 
650 |a Fotografía Instantánea -  |x Técnica 
650 |a Fotografía Instantánea -  |y Siglo XXI 
650 |a Fotografía -  |x Exposiciones 
650 |a Fotografía -  |x Catálogos 
650 |a Fotografía -  |x Filosofía 
650 |a Fotografía -  |x Técnica 
650 |a Fotografía -  |y Siglo XXI 
650 |a Arte -  |x Exposiciones 
650 |a Arte -  |x Catálogos 
650 |a Arte Moderno 
650 |a Comunicación Visual -  |z España 
650 |a Percepción Visual 
650 |a Percepción Social 
650 |a Lenguaje y Pensamiento 
650 |a Estética 
650 |a Cultura Urbana 
650 |a Sociedad Postindustrial 
650 |a Modernidad y Posmodernidad 
650 |a Fotografía y Sociedad 
700 |a Mollá, Angel  |e (texto) 
910 |a Fondo General 
920 |a Impresos - Libros 
930 |a Reserva Especial 
905 |a 103 
901 |a 0500082116  |b IT1  |c REE  |u 20250521 
902 |a https://opac.biblio.iteso.mx/vufind/Record/000153417